<?xml version="1.0" encoding="UTF-8"?>
<marc:record xmlns:marc="http://www.loc.gov/MARC21/slim">
   <marc:leader>00000nam a2200000 a 4500</marc:leader>
   <marc:datafield ind1="1" ind2=" " tag="100">
      <marc:subfield code="a">Kessel, Carola von</marc:subfield>
      <marc:subfield code="4">aut</marc:subfield>
      <marc:subfield code="e">Verfasser/-in</marc:subfield>
   </marc:datafield>
   <marc:datafield ind1="0" ind2="0" tag="245">
      <marc:subfield code="a">Wir schützen unsere Umwelt</marc:subfield>
   </marc:datafield>
   <marc:datafield ind1=" " ind2="1" tag="264">
      <marc:subfield code="b">Ravensburger Buchverlag Otto Maier GmbH</marc:subfield>
      <marc:subfield code="c">2018</marc:subfield>
   </marc:datafield>
   <marc:datafield ind1="1" ind2=" " tag="490">
      <marc:subfield code="a">Wieso? Weshalb? Warum?</marc:subfield>
   </marc:datafield>
   <marc:datafield ind1="1" ind2=" " tag="520">
      <marc:subfield code="a">Warum braucht die Umwelt unseren Schutz? Weshalb sind Wälder und Meere so wichtig? Wie können wir beim Essen die Umwelt schützen? Wie können wir Wasser sparen? Woher kommt unser Wasser? Wozu brauchen wir Strom? Woraus erzeugen wir Strom? Welcher Strom ist umweltfreundlich? Welche Fahrzeuge verschmutzen die Luft? Wo fühlen sich heimische Tiere wohl? Was bedroht die Tiere? Weshalb trennen wir unseren Müll? Was passiert mit unserem Abfall? Wie können wir jeden Tag die Umwelt schützen? Wie kann jeder mitmachen?</marc:subfield>
   </marc:datafield>
   <marc:datafield ind1=" " ind2=" " tag="020">
      <marc:subfield code="a">9783473326853</marc:subfield>
      <marc:subfield code="9">9783473326853</marc:subfield>
   </marc:datafield>
</marc:record>
